LEADER 01276nam a2200241 i 4500 001 000000029480 003 CaOOAMICUS 005 20230906122442.0 008 180830s1760 it u000 u lat u 040 $aSeMil$bita 100 1 $aBerti, Giovanni Lorenzo,$d<1696-1766>.$0(OLS)http://semarc/name/4497 245 10$aEcclesiasticae historiae breviarium. Pars 1, [-altera]. 264 1$aPisis :$bIo: Paulus Giovannelius cum sociis typographus Almae Pisanae Academiae,$c1760. 300 $a2 v. ;$c8°. 500 $aFregi, iniz. xilogr. 500 $aPer il nome dell'autore, Berti Giovanni Lorenzo, vedi CCF 650 4$aChiesa - Storia.$0(OLS)http://semarc/subject/8 700 1 $aGiovannelli, Giovanni Paolo & C.,$c.$0(OLS)http://semarc/name/13449 774 0 $tPars prima quae complectitur chronologiae rudimenta, et decem priorum seculorum synopsim.$g1$w()227368 774 0 $tPars altera quae progreditur usque ad annum vulgaris aereae millesimum septigentesimum sexagesimum.$g2$w()227369 996 $6245$aEcclesiasticae historiae breviarium. Pars 1, [-altera]$9(OLS)http://semarc/title/40046 996 $6264$aPisis :$bIo: Paulus Giovannelius cum sociis typographus Almae Pisanae Academiae$9(OLS)http://semarc/publisher/38116 LEADER 01004nam a2200241 i 4500 001 000000074666 003 CaOOAMICUS 005 20110215000000.0 008 110215s1982 xx u000 u lat u 013 $a45838 020 $a2-8271-0232-3 040 $aSeMil$bita 245 10$aConcordance des pièces. 300 $a303 p. 490 0 $aSpicilegii Friburgensis Subsidia ;$vVol.9 650 4$aSacramentari - Concordanze.$0(OLS)http://semarc/subject/15243 773 0 $aDeshusses, Jean $tConcordances et tableaux pour l'étude des grands sacramentaires.$dFribourg (Suisse) : Éditions Universitaires, 1982-1983.$gTome1$w()643 830 0$aSpicilegii Friburgensis Subsidia ;$vVol.9.$0(OLS)http://semarc/title/632 850 $aSeMil 852 $aSeMil$W1$xVenegono$y1$m3K V 309$j40818$B40818$CSeMilBibl$Z2$F40822 $81 961 $aAcquisto: Casa editrice 996 $6020$a2-8271-0232-3$9(OLS)http://semarc/number/54909 996 $6245$aConcordance des pièces$9(OLS)http://semarc/title/121062